|
|
|
|
| LEADER |
00000nab a2200000 a 4500 |
| 001 |
vtls001496469 |
| 003 |
SK-MaSNL |
| 005 |
20260304204002.0 |
| 008 |
050221c2004 xo mr|p|||||||000 b|slo |
| 015 |
|
|
|a SNKBUCL2005/02
|
| 038 |
|
|
|a SNKBUCL
|
| 040 |
|
|
|a SNKBUCL
|b slo
|c SNKBUCL
|e AACR2
|
| 041 |
0 |
|
|a slo
|
| 044 |
|
|
|a xo
|c SK
|
| 080 |
|
|
|a 339.54:339.923(4)
|2 UDC-MRF-SK2
|
| 080 |
|
|
|a 339.923(4)
|2 UDC-MRF-SK2
|
| 100 |
1 |
|
|a Najšelová, E.
|4 aut
|9 1038583
|
| 245 |
1 |
0 |
|a Európska únia po 1. máji 2005 z hľadisla obchodu
|c E. Najšelová
|
| 300 |
|
|
|b Fotogr.
|
| 610 |
2 |
7 |
|a Európska únia
|2 snkbucl
|9 29861
|
| 650 |
0 |
7 |
|a obchodná politika
|2 snkbucl
|9 2326
|
| 650 |
0 |
7 |
|a colná politika
|2 snkbucl
|9 2109
|
| 773 |
0 |
|
|t Výrobné družstevníctvo
|g Roč. 50., č. 4 (2004), s. 8-9
|x 1336-2224
|
| 852 |
|
|
|a SNK
|b KIS3GCP
|
| 999 |
|
|
|c 3113671
|d 3115601
|